Un corps pour l'esprit : essai sur l'expérience communautaire d'après les constitutitons de la Compagnie de Jésus /
保存先:
| 第一著者: | |
|---|---|
| フォーマット: | 図書 |
| 言語: | フランス語 |
| 出版事項: |
París, Francia :
Desclée de Brouwer : Bellarmin, Centrum Ignatianum Spiritualitatis,
1974, c1974
|
| タグ: |
タグなし, このレコードへの初めてのタグを付けませんか!
|
MARC
| LEADER | 00000nam^a2200000^a^4500 | ||
|---|---|---|---|
| 001 | 000444453 | ||
| 005 | 20250521000000.0 | ||
| 009 | 20260310123518.1 | ||
| 037 | |a Acervo Xavier Clavigero | ||
| 041 | |a FRA | ||
| 091 | |a FCA. 00557 | ||
| 100 | |a Bertrand, Dominique |e (autor) | ||
| 245 | 1 | 3 | |a Un corps pour l'esprit : |b essai sur l'expérience communautaire d'après les constitutitons de la Compagnie de Jésus / |
| 264 | 4 | |a París, Francia : |b Desclée de Brouwer : |b Bellarmin, Centrum Ignatianum Spiritualitatis, |c 1974, c1974 | |
| 300 | |a 240 p. | ||
| 336 | |a texto |b txt |2 rdacontenido | ||
| 337 | |a sin mediación |b n |2 rdamedio | ||
| 338 | |a volumen |b nc |2 rdasoporte | ||
| 649 | |a XX | ||
| 910 | |a Fondo Xavier Cacho Vázquez S.J. | ||
| 920 | |a Impresos - Libros | ||
| 930 | |a Fondos Especiales | ||
| 940 | |a Jesuitas | ||
| 905 | |a 131 | ||
| 901 | |a 0500331153 |b IT2 |c ESP |i D6783 |u 20250521 | ||
| 902 | |a https://opac.biblio.iteso.mx/vufind/Record/000444453 | ||